000 00437nam a22001817a 4500
005 20200518154522.0
008 200518b xxu||||| |||| 00| 0 eng d
020 _a9789384875190
041 _aeng
082 _a302.22 MIT
100 _aMittal Dr.Chanchal
_95556
245 _aCommunication Skills
250 _a1'st
260 _aModinagar (UP)
_bUnnati Publication
_c2019
300 _a75
650 _aPharmacy
_95557
942 _cBK
999 _c6298
_d6296